000 00287nam a2200121Ia 4500
008 190802s9999 xx 000 0 und d
020 _a978-969-35-0549-8
100 _aQudrat ul Allah Shuhab
245 0 _aMaa Jee
260 _aLahore
_bSang-e-Meal
_c2008
300 _a280:p
942 _cBK
999 _c2414
_d2414